000 00446nam a2200181Ia 4500
003 GCL
008 140319s9999 xx 000 0 eng d
040 _aGCL /
_cGCL
082 0 4 _aCC
_b050.941
_bI E
100 1 _aIFAO
245 1 0 _aETUDES URBAINES: ANNUAL, TOME 1\2,1990 /
_cIFAO
260 _a[S.N] :
_bIFAO ،
_c1990
300 _a326-645 P
650 0 4 _aEGYPT
650 0 4 _aPERIODICALS
650 0 4 _aURBAN ANTHROPOLOGY
942 _2ddc
_cBK
999 _c17760
_d17760